| 000 | 00977cam a2200313 a 4500 | ||
|---|---|---|---|
| 001 | 4771019 | ||
| 003 | OSt | ||
| 005 | 20230904123326.0 | ||
| 008 | 861021s1987 enk b 001 0 eng | ||
| 010 | _a 86028342 | ||
| 020 | _a9780195627619 | ||
| 020 |
_a0631154949 : _c$24.95 |
||
| 040 |
_aDLC _cDLC _dDLC |
||
| 050 | 0 | 0 |
_aHB72 _b.S434 1987 |
| 082 | 0 | 0 |
_a174 _bSEN/O |
| 100 | 1 |
_aSen, Amartya, _d1933- _9639 |
|
| 245 | 1 | 0 |
_aOn ethics and economics / _cAmartya Sen. |
| 260 |
_aOxford, UK ; _aNew York, NY, USA : _bB. Blackwell, _c1987. |
||
| 300 |
_axiii, 131 p. ; _c23 cm. |
||
| 440 | 4 | _aThe Royer lectures | |
| 500 | _aSpine title: On ethics & economics. | ||
| 500 | _aIncludes indexes. | ||
| 504 | _aBibliography: p. [90]-122. | ||
| 650 | 0 |
_aEconomics _xMoral and ethical aspects. |
|
| 740 | 0 | _aOn ethics & economics. | |
| 906 |
_a7 _bcbc _corignew _d1 _eocip _f19 _gy-gencatlg |
||
| 942 |
_2ddc _cBK _h174 _iSEN/O _k174 _mSEN/O |
||
| 999 |
_c42098 _d42098 |
||